000 01000nam0a22003011 4500
001 RU\NLR\A1SV\84674
005 20251203171251.9
035 _a(NLR Aleph) 009766083
090 _a10037728
_c10037728
100 _a20080118d1925 u y0rusy50 ca
101 0 _arus
102 _aRU
200 1 _aЛыжи
_eКак самому их сделать и как научиться на них ходить
_fСост. К.Лютер
210 _aЛ.
_cНауч. кн-во
_d[1925]
215 _a34, [2] с.
_cил.
_d17 см
225 _aДля умелых рук.
_fБ-ка журн. "В мастерской природы"
300 _aНа обл. авт. не указан
620 _dСанкт-Петербург
700 1 _aЛютер
_bК. А.
_gКонстантин Александрович
801 0 _aRU
_bNLR
_c20080118
852 _aNLR
_j61/797
899 _aНГОУНБ
899 _aРКП
899 _aРГБ
942 _cBOOK
980 _aNB
980 _aA1SV